TAKING SIDES:CLASHING VIEWS IN FAMILY AND PERSONAL RELATIONSHIPS (Record no. 5481)

MARC details
000 -LEADER
fixed length control field 00330nam a22001097a 4500
008 - FIXED-LENGTH DATA ELEMENTS--GENERAL INFORMATION
fixed length control field 170504b xxu||||| |||| 00| 0 eng d
020 ## - INTERNATIONAL STANDARD BOOK NUMBER
International Standard Book Number 978-0-07-351540-3
082 ## -
Classification number 306.85'973 HAL
100 ## - MAIN ENTRY--PERSONAL NAME
Personal name HALL,DAVID M.
245 ## - TITLE STATEMENT
Title TAKING SIDES:CLASHING VIEWS IN FAMILY AND PERSONAL RELATIONSHIPS
260 ## - PUBLICATION, DISTRIBUTION, ETC. (IMPRINT)
Place of publication, distribution, etc. NEW YORK,
Name of publisher, distributor, etc. MC GRAW HILL,
Date of publication, distribution, etc. 2010.
Holdings
Withdrawn status Lost status Source of classification or shelving scheme Damaged status Koha normalized classification for sorting Not for loan Home library Current library Shelving location Date acquired Total Checkouts Full call number Barcode Date last seen Price effective from Koha item type
    Dewey Decimal Classification   306_000000000000000_85973_HAL   Dodoma Dodoma Ground Floor 04/05/2017   306.85'973 HAL 0000000016570 29/07/2019 04/05/2017 BOOKS

IRDP © 2021 :: Managed by ICT Team